CARDIOVASCULAR AND PULMONARY PHYSICAL THERAPY: EVIDENCE TO PRACTICE (Record no. 8370)

MARC details
000 -LEADER
fixed length control field 00491nam a22001817a 4500
005 - DATE AND TIME OF LATEST TRANSACTION
control field 20230821101349.0
008 - FIXED-LENGTH DATA ELEMENTS--GENERAL INFORMATION
fixed length control field 230817b |||||||| |||| 00| 0 eng d
020 ## - INTERNATIONAL STANDARD BOOK NUMBER
ISBN 9780323624718
041 ## - LANGUAGE CODE
Language code of text/sound track or separate title eng
082 ## - DEWEY DECIMAL CLASSIFICATION NUMBER
Classification number 616.1 FRO-C
100 ## - MAIN ENTRY--AUTHOR NAME
Personal name FROWNFELTER, DONNA AND DEAN , ELIZABETH
245 ## - TITLE STATEMENT
Title CARDIOVASCULAR AND PULMONARY PHYSICAL THERAPY: EVIDENCE TO PRACTICE
250 ## - EDITION STATEMENT
Edition statement 6TH ED.
260 ## - PUBLICATION, DISTRIBUTION, ETC. (IMPRINT)
Place of publication MISSOURI
Name of publisher ELSEVIER
Year of publication 2023
300 ## - PHYSICAL DESCRIPTION
Number of Pages 828;p
650 ## - SUBJECT ADDED ENTRY--TOPICAL TERM
Topical Term BPT
942 ## - ADDED ENTRY ELEMENTS (KOHA)
Koha item type Books
Holdings
Lost status Damaged status Collection code Home library Current library Shelving location Date acquired Source of acquisition Cost, normal purchase price Full call number Accession Number Koha item type
    PHYSIOTHERAPY JRU Library JRU Library SHELF-20-B 05/08/2023 PURCHASE 10559.12 616.1 27841 Books